Nová norma systému manažérstva kvality ISO 9004: 2009
Nová medzinárodná norma ISO 9004: 2009 systému manažérstva kvality. Súlad s ďalšími normami systémov manažérstva. Základné metodické nástroje zabezpečovania kvality práce a produktov.
Enregistré dans:
| Auteur principal: | |
|---|---|
| Autres auteurs: | , |
| Format: | Chapitre de livre |
| Langue: | slovaque |
| Sujets: | |
| Tags: |
Pas de tags, Soyez le premier à ajouter un tag!
|
MARC
| LEADER | 00000naa$a2200000$$$4500 | ||
|---|---|---|---|
| 001 | 0109474 | ||
| 005 | 20231012070142.4 | ||
| 041 | 0 | |a slo | |
| 044 | |a SK | ||
| 245 | 1 | 0 | |a Nová norma systému manažérstva kvality ISO 9004: 2009 |c Matej Bílý, Peter Lakatoš, Jarmila Šalgovičová |
| 520 | |a Nová medzinárodná norma ISO 9004: 2009 systému manažérstva kvality. Súlad s ďalšími normami systémov manažérstva. Základné metodické nástroje zabezpečovania kvality práce a produktov. | ||
| 610 | 2 | 0 | |a normy ISO |
| 610 | 2 | 0 | |a systémy kvality |
| 610 | 2 | 0 | |a audit interný |
| 610 | 2 | 0 | |a kvalita |
| 610 | 2 | 0 | |a normy kvality |
| 610 | 2 | 0 | |a benchmarking |
| 610 | 2 | 0 | |a manažéri |
| 100 | 1 | |a Bílý, Matej | |
| 700 | 1 | |a Lakatoš, Peter | |
| 700 | 1 | |a Šalgovičová, Jarmila | |